000 00503pab a2200169 454500
008 180718b2001 xxu||||| |||| 00| 0 eng d
100 _aVerman, Amy Sil
245 _aThe double Whammy revisited: the impact of exposure to domestic violence and being a victim of parent to child violence
260 _c2001
300 _ap.305-27
362 _aJul
650 _aViolence
650 _aDomestic violence
700 _aGelles, Richard J.
773 _aIndian Journal of Social Work
909 _a50348
999 _c50348
_d50348